Statistics for Spanish footballers who have played in the three big leagues (LaLiga, Premier, Serie A)

Click here to take the quiz!

General Stats

  • This quiz has been taken 522 times
  • The average score is 5 of 12

Answer Stats

TeamsPlayer% Correct
Atlético de Madrid, Liverpool, Chelsea and MilanFernando Torres
80%
Barcelona, Roma, Milan and Stoke CityBojan Krkic
67%
Athletic de Bilbao, Juventus, Sevilla and SwanseaFernando Llorente
63%
Barcelona, Villarreal, Liverpool and NapoliPepe Reina
50%
Real Madrid, Bolton, Fiorentina, Sunderland and ChelseaMarcos Alonso
45%
Rayo Vallecano, Swansea and NapoliMichu
43%
Valencia, Lazio, Barcelona and MiddlesbroughGaizka Mendieta
38%
Liverpool, Almería, Milan and GenoaSuso
28%
Mallorca, West Brom, Villarreal and FiorentinaBorja Valero
27%
Tottenham, Rayo Vallecano, Genoa, Roma and TorinoIago Falque
18%
Deportivo de la Coruña, Livorno, West HamDiego Tristan
10%
Mallorca, Genoa and SwanseaChico Flores
6%

Score Distribution

Percentile by Number Answered

Percent of People with Each Score

Your Score History

You have not taken this quiz